Statistics for Asian Countries With More Vowels Than Consonants In Their Name

Click here to take the quiz!

General Stats

  • This quiz has been taken 28 times
    (8 since last reset)
  • The average score is 6 of 6

Answer Stats

Answer% Correct
Saudi Arabia
100%
Indonesia
100%
India
100%
Armenia
88%
Malaysia
88%
Georgia
75%

Score Distribution

Percentile by Number Answered

Percent of People with Each Score

Your Score History

You have not taken this quiz since the last reset